| 000 | 00994cam a2200313 a 4500 | ||
|---|---|---|---|
| 001 | 728564 | ||
| 003 | EG-ScBUE | ||
| 005 | 20220208102505.0 | ||
| 008 | 981021s1999 enk f 000 1 eng d | ||
| 020 | _a9780330389907 | ||
| 020 | _a0330389904 | ||
| 040 |
_aDLC _beng _erda _cDLC _dDLC _dOCoLC _dDLC _dEG-ScBUE |
||
| 043 | _an-us-ny | ||
| 082 | 0 | 4 |
_a823.914 _222 _bCOO |
| 100 | 1 |
_aCook, Robin, _d1940- _eauthor. |
|
| 245 | 1 | 0 |
_aVector / _cRobin Cook. |
| 264 | 1 |
_aLondon : _bPan Books, _c1999. |
|
| 300 |
_a496 pages ; _c24 cm |
||
| 336 |
_2rdacontent _atext _btxt |
||
| 337 |
_2rdamedia _aunmediated _bn |
||
| 338 |
_2rdacarrier _avolume _bnc |
||
| 650 | 7 |
_aBiological weapons _vFiction. _2BUEsh |
|
| 650 | 7 |
_aForensic pathologists _vFiction. _2BUEsh |
|
| 651 | 7 |
_aNew York (N.Y.) _vFiction. _2BUEsh |
|
| 653 |
_bHHUUEENN _cFebruary2022 |
||
| 655 | 7 |
_vReading book _934232 |
|
| 942 |
_2ddc _cBB |
||
| 999 |
_c10384 _d10384 |
||